| 000 | 00514nam a2200193Ia 4500 | ||
|---|---|---|---|
| 005 | 20250423100839.0 | ||
| 008 | 250422s9999 xx 000 0 und d | ||
| 020 | _a9789332543607 | ||
| 050 | _aHD 2346.I5 .K37/ | ||
| 100 | _aPradeep, Kashyap | ||
| 245 | 0 | _aRural marketing. | |
| 250 | _a3rd ed. | ||
| 260 | _aNew Delhi | ||
| 260 | _bPearson Education | ||
| 260 | _c2019 | ||
| 300 | _a318 p | ||
| 650 | _aSmall business marketing--India. Target marketing--India. Rural industries--India. | ||
| 942 | _cBK | ||
| 999 |
_c34518 _d34518 |
||